000 01870nam0a2200385 4500
001 RU\NLR\bibl\579820
005 20260405065640.0
010 _a5-89448-288-7
_9250
021 _aRU
_b2004-64765
_93193
035 _a(NLR Aleph) 000571835
090 _a1597452
_c1597452
100 _a20041202d2004 |||y0rusy50 ca
101 0 _arus
_ager
102 _aRU
105 _ay |||||||||
200 1 _aНемецко-русский словарь по пивоваренной промышленности
_dDeutsch-russisches Fachwörterbuch für die Brauindustrie
_eСв. 15000 терминов
_fЕ.С. Анюшкин
_gПод ред. к.т.н., проф. Е.Д. Фараджевой
_gМ-во образования Рос. Федерации, Воронеж. гос. технол. акад.
_zger
210 _aВоронеж
_cВГТА
_d2004
215 _a572, [1] с.
_d21
300 _aАвт. также на нем. яз.: E.S. Anjuschkin
320 _aБиблиогр. в подстроч. прим.
510 0 _6z20790
_aDeutsch-russisches Fachwörterbuch für die Brauindustrie
_zger
606 0 _aНемецкий язык
_xТерминология пищевой промышленности
_xСловари
_xРусский язык
_91746959
_3RU\NLR\auth\66782207
606 0 _aПивоваренное производство
_jСловари
_92336824
_3RU\NLR\auth\661397058
686 _aЛ876я212
686 _aШ143.24-434.1
686 _aШ141.12-434.2
700 1 _4070
_8rus
_7ca
_aАнюшкин
_bЕ. С.
_gЕвгений Степанович
_3RU\NLR\AUTH\7723384
_96437
790 1 _4070
_8rus
_7ba
_aAnjuškin
_bE. S.
_gEvgenij Stepanovič
_3RU\NLR\auth\7723385
_96438
801 0 _aRU
_bNLR
_c20041202
_gPSBO
801 1 _aRU
_bNLR
_c20041202
830 _aАвт. по кн.
942 _cBOOK
980 _aNB